banner koha

Estimativa da produtividade de café com base em um modelo agrometeorológico-espectral (Registro n. 211451)

MARC details
000 -LÍDER
campo de controle de tamanho fixo 00856nas a2200277 4500
001 - NÚMERO DE CONTROLE
campo de controle BR2011002875
003 - IDENTIFICADOR DO NÚMERO DE CONTROLE
campo de controle BR-BrBNA
005 - DATA E HORÁRIO DA ÚLTIMA TRANSAÇÃO
campo de controle 20231205114949.0
007 - CAMPO FIXO DE DESCRIÇÃO FÍSICA--INFORMAÇÃO GERAL
campo de controle de tamanho fixo ta
008 - CAMPO DE DADOS FIXOS--INFORMAÇÃO GERAL
campo de controle de tamanho fixo 230509b bl.|||p| |||| 00| 00por d
040 ## - FONTE DA CATALOGAÇÃO
Instituição da catalogação original BR-BrBNA
Idioma da catalogação por
Instituição que transcreveu o registro Biblioteca Nacional de Agricultura
041 ## - CÓDIGO DE IDIOMA
Código do idioma do texto/trilha sonora ou título diferente (Pt)
072 ## - CÓDIGO DE CATEGORIA DE ASSUNTO
Código de Categoria de Assunto U40
100 1# - ENTRADA PRINCIPAL--NOME PESSOAL
Nome pessoal Rosa, V.G.C. da
100 1# - ENTRADA PRINCIPAL--NOME PESSOAL
Nome pessoal Moreira, M.A.
100 1# - ENTRADA PRINCIPAL--NOME PESSOAL
Nome pessoal Rudorff, B.F.T.
100 1# - ENTRADA PRINCIPAL--NOME PESSOAL
Nome pessoal Adami, M.
245 1# - TÍTULO
Título Estimativa da produtividade de café com base em um modelo agrometeorológico-espectral
650 ## - ASSUNTO--TERMO TÓPICO
Cabeçalho tópico ou nome geográfico CAFÉ
650 ## - ASSUNTO--TERMO TÓPICO
Cabeçalho tópico ou nome geográfico SENSORIAMENTO REMOTO
650 ## - ASSUNTO--TERMO TÓPICO
Cabeçalho tópico ou nome geográfico ESTATÍSTICA AGRÍCOLA
650 ## - ASSUNTO--TERMO TÓPICO
Cabeçalho tópico ou nome geográfico ÁREA FOLIAR
773 0# - ENTRADA ANALÍTICA
Título Pesquisa Agropecuária Brasileira (Brazil)
ISSN - International Standard Serial Number ISSN 0100-204X
Partes relacionadas (Dec 2010), v. 45(12) p. 1478-1488
Número de controle do registro BR2011002875
909 ## -
-- 202311
-- Lúcia
-- 55
-- Lúcia Elande
942 ## - ELEMENTOS DE ENTRADA ADICIONADOS (KOHA)
Fonte da classificação ou esquema de arquivamento na estante Classificação AGRIS
Ocultar no OPAC Não
Tipo de material Koha Analítica
Exemplares
Situação do descarte Fonte da classificação ou esquema de arquivamento na estante Situação física Não pode ser emprestado Biblioteca de origem Biblioteca atual Localização na estante Enumeração do periódico / cronologia Total de empréstimos Data de último acesso Número do exemplar Tipo de material Koha Fonte de aquisição
  Classificação AGRIS   Consulta local Biblioteca Nacional de Agricultura - Binagri Biblioteca Nacional de Agricultura - Binagri   (Dec 2010), v. 45(12) p. 1478-1488   29/11/2023 01 Periódicos Portaria Interministerial nº 164/94

BINAGRI

Telefone: (61)3218-2567/2388/3357/2097 - binagri@agro.gov.br

Ministério da Agricultura e Pecuária , Esplanada dos Ministérios, Bloco D, Anexo B, Brasília/DF, CEP: 70.043-900